Inventaire de la correspondance des consuls francais a Zante (1670-1859), a Cerigo (1724-1775) et du viceconsul a Cephalonie (1803-1806)

Αποθηκεύτηκε σε:
Λεπτομέρειες βιβλιογραφικής εγγραφής
Κύριος συγγραφέας: Ανωγιάτης-Πελέ, Δημήτρης
Μορφή: Βιβλίο
Γλώσσα:French
Δημοσίευση: Corfou : Universite Ionienne, 1997
Θέματα:
Ετικέτες: Προσθήκη ετικέτας
Δεν υπάρχουν, Καταχωρήστε ετικέτα πρώτοι!

MARC

LEADER 00000cam a2200000 i 4500
001 1/8097
008 000626s1997 fre d
020 |a 960-7260-12-0 
035 |l 10062550 
040 |a GR-MY-UA  |b gre  |e aacr 
041 0 |a fre 
082 0 |a 938.401 
100 1 |a Ανωγιάτης-Πελέ, Δημήτρης. 
245 1 0 |a Inventaire de la correspondance des consuls francais a Zante (1670-1859), a Cerigo (1724-1775) et du viceconsul a Cephalonie (1803-1806) /  |c par Dimitris Anoyatis-Pele 
260 |a Corfou :   |b Universite Ionienne,   |c 1997 
300 |a 292 σ. 
504 |a Περιέχει ευρετήριο 
650 0 0 |a Archives  |z Greece  |z Zakynthos (Municipality) 
650 0 0 |a Archival resources  |z Greece  |z Zakynthos (Municipality) 
852 |a INST  |b LESVOS  |e 20000626  |h 938.401 ΑΝΩ  |p 005100024313  |q 005100024313  |t BK  |y 0 
909 |a Λ  |b 056377 
970 |z 2000/06/ELIDOC